[Event "CAN-ch w"]
[Site "Toronto CAN"]
[Date "2025.04.22"]
[Round "9.12"]
[White "Starr, Nava"]
[Black "Guan, Isabelle"]
[Result "1-0"]
[WhiteElo "2048"]
[BlackElo "1454"]
[WhiteFideId "-1"]
[WhiteFideId "-1"]
[PlyCount "107"]
[GameId "2174631027645437"]
[EventDate "2025.04.17"]
[EventType "swiss"]
[EventRounds "9"]
[EventCountry "CAN"]

1. e4 e5 2. Nf3 Nc6 3. Nc3 Nf6 4. d4 exd4 5. Nxd4 Bb4 6. Nxc6 bxc6 7. Bd3 h6 8. O-O d6 9. h3 O-O 10. Ne2 Bc5 11. Ng3 Qe7 12. c3 Qe5 13. Kh2 Qe7 14. Qf3 Rb8 15. b4 Bb6 16. Bd2 Be6 17. a4 a5 18. Nf5 Bxf5 19. Qxf5 Rfe8 20. bxa5 Ba7 21. Rfe1 Rb2 22. Be3 Bxe3 23. Rxe3 Qd8 24. a6 Re6 25. Qf3 Qa8 26. Re2 Rb6 27. Qe3 c5 28. f4 Re8 29. Qf3 Nh7 30. Kg3 Qd8 31. Bc4 Qa8 32. Qd3 Nf6 33. Rf1 Nh5+ 34. Kh2 Nf6 35. e5 Nd7 36. e6 fxe6 37. Bxe6+ Rxe6 38. Rxe6 Rxa6 39. Qg6 Nf8 40. Qf5 Nxe6 41. Qxe6+ Kh7 42. f5 d5 43. Qe7 Rf6 44. Qxc7 Qxa4 45. Qxc5 Qe4 46. Qd4 Qc2 47. Qe5 Qd3 48. Rf3 Qd2 49. Rg3 Rf7 50. Qe6 Rc7 51. Qg6+ Kh8 52. f6 Qf2 53. fxg7+ Kg8 54. Qe8+ 1-0

[Event "CAN-ch w"]
[Site "Toronto CAN"]
[Date "2025.04.22"]
[Round "9.13"]
[White "Poorna Prakash, Roshini"]
[Black "Malaviya, Bhakti"]
[Result "1-0"]
[WhiteElo "1748"]
[BlackElo "1486"]
[WhiteFideId "-1"]
[WhiteFideId "-1"]
[PlyCount "79"]
[GameId "2174644863126536"]
[EventDate "2025.04.17"]
[EventType "swiss"]
[EventRounds "9"]
[EventCountry "CAN"]

1. d4 f5 2. Nf3 Nf6 3. Bg5 e6 4. h4 Be7 5. Nbd2 b6 6. Bxf6 Bxf6 7. e4 fxe4 8. Nxe4 Bb7 9. Bd3 Bxe4 10. Bxe4 d5 11. Bd3 Nc6 12. c3 Qe7 13. Bb5 Qd6 14. Qa4 Kd7 15. g4 a6 16. Bxc6+ Qxc6 17. Qc2 h6 18. O-O-O Kc8 19. g5 Be7 20. Qg6 Kb7 21. Rhe1 Ba3 22. Re3 Bd6 23. Rxe6 hxg5 24. Ne5 Qa4 25. Rxd6 Rh6 26. Rxb6+ Ka7 27. Qxg7 Kxb6 28. Qxh6+ Kb7 29. hxg5 Rb8 30. Nd7 Qxd7 31. Qf6 Qg4 32. Re1 Rg8 33. f4 Qg3 34. Qe5 Qg2 35. Qe2 Qh3 36. Qe6 Qg3 37. Qxd5+ Ka7 38. Qe4 Rg7 39. d5 Rg6 40. Qe3+ 1-0

[Event "CAN-ch w"]
[Site "Toronto CAN"]
[Date "2025.04.22"]
[Round "9.14"]
[White "Yancey, Alice"]
[Black "Yuan, Arianna"]
[Result "1-0"]
[WhiteElo "1690"]
[BlackElo "1421"]
[WhiteFideId "-1"]
[WhiteFideId "-1"]
[PlyCount "96"]
[GameId "2174647120366608"]
[EventDate "2025.04.17"]
[EventType "swiss"]
[EventRounds "9"]
[EventCountry "CAN"]

1. e4 e5 2. Nf3 Nc6 3. d4 d5 4. Nxe5 dxe4 5. Bb5 Bd7 6. Nxd7 Qxd7 7. c3 Nf6 8. O-O h6 9. Re1 a6 10. Bd3 Be7 11. Bxe4 Nxe4 12. Rxe4 O-O 13. Nd2 Rae8 14. Nf3 Bf6 15. Rxe8 Rxe8 16. Be3 b5 17. Qd3 Ne7 18. a4 c6 19. axb5 axb5 20. Bf4 Nd5 21. Bg3 Qe7 22. Kf1 Qd7 23. Ne5 Bxe5 24. Bxe5 Qe6 25. Bg3 Nb6 26. Bc7 Nc4 27. b3 Qe7 28. bxc4 bxc4 29. Qxc4 Qxc7 30. g3 Qb7 31. Qd3 c5 32. d5 f5 33. Re1 Rf8 34. Kg1 Qc8 35. Qe3 f4 36. Qe6+ Qxe6 37. Rxe6 f3 38. h4 Rb8 39. Re3 Rb1+ 40. Kh2 Rd1 41. Rxf3 Rxd5 42. g4 Kh7 43. Rf5 Rxf5 44. gxf5 g5 45. hxg5 hxg5 46. Kg3 Kg7 47. Kg4 Kf6 48. c4 Ke5 1-0

[Event "CAN-ch w"]
[Site "Toronto CAN"]
[Date "2025.04.22"]
[Round "9.15"]
[White "Cloutier, Annabelle"]
[Black "Kamath, Nikita"]
[Result "0-1"]
[WhiteElo "1401"]
[BlackElo "1607"]
[WhiteFideId "-1"]
[WhiteFideId "-1"]
[PlyCount "58"]
[GameId "2174842139397144"]
[EventDate "2025.04.17"]
[EventType "swiss"]
[EventRounds "9"]
[EventCountry "CAN"]

1. Nf3 Nf6 2. c4 g6 3. g3 Bg7 4. Bg2 d6 5. d4 O-O 6. O-O c6 7. Nc3 Bg4 8. e4 Nbd7 9. h3 Bxf3 10. Bxf3 e5 11. d5 cxd5 12. cxd5 Rc8 13. Be3 a6 14. Rc1 b5 15. Bg4 b4 16. Bxd7 Qxd7 17. Ne2 Qxh3 18. f3 Nh5 19. g4 Ng3 20. Nxg3 Qxg3+ 21. Kh1 Rxc1 22. Qxc1 f5 23. exf5 gxf5 24. gxf5 Qh3+ 25. Kg1 Rxf5 26. Qc8+ Bf8 27. Qe6+ Kh8 28. Rf2 Qg3+ 29. Kh1 Rh5+ 0-1

[Event "CAN-ch w"]
[Site "Toronto CAN"]
[Date "2025.04.22"]
[Round "9.16"]
[White "Wangluo, Joanne"]
[Black "Abbarin, Shabnam"]
[Result "1-0"]
[WhiteElo "1541"]
[BlackElo "1579"]
[WhiteFideId "-1"]
[WhiteFideId "-1"]
[PlyCount "91"]
[GameId "2174899108576288"]
[EventDate "2025.04.17"]
[EventType "swiss"]
[EventRounds "9"]
[EventCountry "CAN"]

1. d4 e6 2. c4 Nf6 3. Nc3 Bb4 4. Bd2 O-O 5. Nf3 b6 6. e3 Bb7 7. Bd3 d5 8. O-O Nbd7 9. a3 Bd6 10. Rc1 Rc8 11. Qc2 dxc4 12. Bxc4 Bxf3 13. gxf3 Nh5 14. Qe4 Kh8 15. Qg4 Ndf6 16. Qh3 a6 17. Ne2 b5 18. Bb3 c5 19. dxc5 Bxh2+ 20. Qxh2 Qxd2 21. Rc2 Qd8 22. c6 Re8 23. c7 Qd3 24. Nc3 Re7 25. Rd1 Qg6+ 26. Kh1 Rexc7 27. Rcd2 Qf5 28. Kg2 g6 29. Ne2 Kg7 30. Nd4 Qg5+ 31. Kf1 Rc1 32. Bxe6 Rxd1+ 33. Rxd1 Re8 34. Qc7 Rf8 35. Bxf7 Kh6 36. Ne6 Rxf7 37. Qxf7 Qf5 38. Qf8+ Ng7 39. Qxg7+ Kh5 40. Nf4+ Kg5 41. Qe7 Kh6 42. Qe6 Qc2 43. Rd6 Qxb2 44. Qxf6 Qxa3 45. Qh4+ Kg7 46. Rd7+ 1-0

[Event "CAN-ch w"]
[Site "Toronto CAN"]
[Date "2025.04.22"]
[Round "9.17"]
[White "Dolderman, Clara"]
[Black "Auger, Anastasia"]
[Result "1/2-1/2"]
[WhiteElo "1474"]
[BlackElo "1618"]
[WhiteFideId "-1"]
[WhiteFideId "-1"]
[PlyCount "66"]
[GameId "2174921283054635"]
[EventDate "2025.04.17"]
[EventType "swiss"]
[EventRounds "9"]
[EventCountry "CAN"]

1. c4 Nf6 2. Nc3 Nc6 3. g3 e6 4. Bg2 d5 5. cxd5 exd5 6. e3 Bf5 7. Qa4 Bd3 8. Nge2 Qd7 9. Nf4 Nb4 10. Qxd7+ Nxd7 11. Nxd3 Nxd3+ 12. Ke2 Nxc1+ 13. Raxc1 c6 14. d4 Be7 15. f3 f5 16. e4 fxe4 17. fxe4 dxe4 18. Bxe4 Nf6 19. Bf3 Rd8 20. Rcd1 Nd5 21. Nxd5 cxd5 22. Rhf1 O-O 23. Bg2 g6 24. Rxf8+ Bxf8 25. Rc1 Rd7 26. Re1 Bb4 27. Rf1 Kg7 28. Kd3 b6 29. a3 Be7 30. Bh3 Rd6 31. Bg2 Rd7 32. Bh3 Rd6 33. Bg2 Rd7 1/2-1/2

[Event "CAN-ch w"]
[Site "Toronto CAN"]
[Date "2025.04.22"]
[Round "9.18"]
[White "Geillon-Barral, Roween"]
[Black "Divadalage, Sanya"]
[Result "1/2-1/2"]
[WhiteElo "1448"]
[BlackElo "1424"]
[WhiteFideId "-1"]
[WhiteFideId "-1"]
[PlyCount "102"]
[GameId "2174926171143219"]
[EventDate "2025.04.17"]
[EventType "swiss"]
[EventRounds "9"]
[EventCountry "CAN"]

1. e4 c5 2. Nc3 e6 3. Bc4 Ne7 4. d3 d5 5. exd5 exd5 6. Bb3 Nbc6 7. Nf3 h6 8. h3 g6 9. Qe2 Be6 10. Rb1 Bg7 11. Bd2 O-O 12. O-O Qd7 13. Kh2 Nf5 14. Ba4 a6 15. Bxc6 bxc6 16. g3 Nd4 17. Nxd4 cxd4 18. Na4 Bxh3 19. Nb6 Bxf1 20. Qxf1 Qf5 21. Nxa8 Rxa8 22. Qe2 Qe6 23. Qf3 Qf5 24. Qe2 Qh5+ 25. Qxh5 gxh5 26. Kg2 Kh7 27. Kf3 Kg6 28. Rh1 Rb8 29. Rb1 Bf6 30. b3 Bg5 31. Ba5 Rb5 32. b4 c5 33. a3 Bd2 34. Ra1 Bc3 35. Ra2 cxb4 36. axb4 Bxb4 37. Bxb4 Rxb4 38. Rxa6+ Kg5 39. Ra5 f5 40. Rxd5 Ra4 41. Kg2 Rb4 42. Kh3 Kg6 43. Rd6+ Kg7 44. Kg2 Rb2 45. Rxd4 Rxc2 46. Rd6 Rd2 47. Kf3 f4 48. Rd4 fxg3 49. Kxg3 Kg6 50. f4 Kf5 51. Rd5+ Kg6 1/2-1/2

[Event "Calgary int."]
[Site "Calgary CAN"]
[Date "2025.07.31"]
[Round "1.1"]
[White "Bai, Jinghui"]
[Black "Mikhalevski, Victor"]
[Result "0-1"]
[WhiteElo "2031"]
[BlackElo "2492"]
[WhiteFideId "-1"]
[WhiteFideId "-1"]
[PlyCount "66"]
[GameId "2219424791292880"]
[EventDate "2025.07.31"]
[EventType "swiss"]
[EventRounds "9"]
[EventCountry "CAN"]

1. c4 e6 2. Nf3 d5 3. g3 dxc4 4. Bg2 a6 5. a4 Nc6 6. b3 cxb3 7. Bb2 Nf6 8. O-O a5 9. Nc3 Nb4 10. Qxb3 Be7 11. Rac1 c6 12. Rfd1 O-O 13. Ne5 Qb6 14. d4 Rd8 15. Nc4 Qa7 16. Rd2 Bd7 17. Ba3 Be8 18. e3 Rac8 19. Rb1 b5 20. axb5 cxb5 21. Ne5 Nbd5 22. Nxb5 Bxb5 23. Bxe7 Qxe7 24. Qxb5 Nc3 25. Nc6 Rxc6 26. Qxc6 Nxb1 27. Rb2 Na3 28. Rb7 Qf8 29. Bf1 Rc8 30. Qa4 g6 31. h3 Ne4 32. Qxa5 Nc4 33. Qa7 Ra8 0-1

[Event "Calgary int."]
[Site "Calgary CAN"]
[Date "2025.07.31"]
[Round "1.2"]
[White "Komarov, Dimitri"]
[Black "Alpuri, Aaqil"]
[Result "1-0"]
[WhiteElo "2407"]
[BlackElo "2027"]
[WhiteFideId "-1"]
[WhiteFideId "-1"]
[PlyCount "81"]
[GameId "2219428397333464"]
[EventDate "2025.07.31"]
[EventType "swiss"]
[EventRounds "9"]
[EventCountry "CAN"]

1. d4 Nf6 2. c4 e6 3. Nf3 b6 4. a3 Be7 5. Nc3 Bb7 6. d5 O-O 7. g3 exd5 8. cxd5 Re8 9. Bg2 c6 10. d6 Bf8 11. O-O h6 12. Nh4 Re6 13. Nf5 Na6 14. e4 Ne8 15. Nd4 Bxd6 16. Nxe6 dxe6 17. f4 Qc7 18. e5 Be7 19. Be3 Nc5 20. Qf3 Nd3 21. b4 a5 22. b5 Rc8 23. Ne2 Nc5 24. bxc6 Bxc6 25. Qxc6 Qxc6 26. Bxc6 Rxc6 27. Nd4 Rc8 28. Nb5 g5 29. Rac1 Ng7 30. Nd6 Bxd6 31. exd6 gxf4 32. Bxc5 bxc5 33. Rfd1 e5 34. d7 Rd8 35. Rxc5 Kf8 36. Rxe5 fxg3 37. hxg3 Ne6 38. Rxa5 Ke7 39. Re5 Kf6 40. Re2 h5 41. Kf2 1-0

[Event "Calgary int."]
[Site "Calgary CAN"]
[Date "2025.07.31"]
[Round "1.3"]
[White "Taylor, Tristan"]
[Black "Thavandiran, Shiyam"]
[Result "0-1"]
[WhiteElo "2012"]
[BlackElo "2398"]
[WhiteFideId "-1"]
[WhiteFideId "-1"]
[PlyCount "112"]
[GameId "2219454269649033"]
[EventDate "2025.07.31"]
[EventType "swiss"]
[EventRounds "9"]
[EventCountry "CAN"]

1. e4 e6 2. d4 d5 3. e5 c5 4. c3 Nc6 5. Nf3 Bd7 6. Be2 Nge7 7. Na3 cxd4 8. cxd4 Nf5 9. Nc2 Rc8 10. O-O Be7 11. Rb1 O-O 12. Bd3 a5 13. g4 Nh6 14. Bxh6 gxh6 15. Kh1 f6 16. Qd2 fxe5 17. Nxe5 Nxe5 18. dxe5 Rf3 19. Ne1 Bg5 20. Qe2 Rf7 21. Ng2 Bf4 22. b4 a4 23. Nxf4 Rxf4 24. g5 hxg5 25. Qh5 Rh4 26. Qe2 Qf8 27. f4 gxf4 28. Rg1+ Kh8 29. Rg4 Qh6 30. Rbg1 Rxg4 31. Qxg4 Rf8 32. Rf1 Be8 33. Rf3 Bh5 34. Rh3 Bxg4 35. Rxh6 Bf3+ 36. Kg1 Be4 37. Bb5 Bf5 38. Rh4 Bc2 39. Kf2 d4 40. Rh3 Rf5 41. Bd3 Bxd3 42. Rxd3 Rxe5 43. Rxd4 Rd5 44. Rxf4 Rf5 45. Ke3 Rxf4 46. Kxf4 Kg7 47. Ke5 Kf7 48. b5 Ke7 49. h4 h5 50. a3 b6 51. Ke4 Kd6 52. Kd4 e5+ 53. Ke4 Ke6 54. Ke3 Kd5 55. Kd3 e4+ 56. Ke3 Ke5 0-1

[Event "Calgary int."]
[Site "Calgary CAN"]
[Date "2025.07.31"]
[Round "1.4"]
[White "Ivanov, Mike"]
[Black "Wu, Nathan Ping-Ying"]
[Result "1-0"]
[WhiteElo "2383"]
[BlackElo "2006"]
[WhiteFideId "-1"]
[WhiteFideId "-1"]
[PlyCount "67"]
[GameId "2219449407189079"]
[EventDate "2025.07.31"]
[EventType "swiss"]
[EventRounds "9"]
[EventCountry "CAN"]

1. Nf3 d5 2. g3 Nf6 3. Bg2 c6 4. O-O Bf5 5. c4 e6 6. Qb3 Qb6 7. d3 Nbd7 8. cxd5 exd5 9. Qc2 Be7 10. Nc3 O-O 11. e4 Bg6 12. Nh4 d4 13. Ne2 Ne8 14. Nxg6 hxg6 15. f4 c5 16. e5 Nc7 17. g4 Rac8 18. b3 Qa6 19. Bd2 b5 20. Kh1 Rfe8 21. a4 b4 22. Ng3 Nb6 23. f5 Nbd5 24. e6 fxe6 25. fxg6 Rf8 26. g5 e5 27. Be4 Nf4 28. Bxf4 exf4 29. Nf5 Qe6 30. Nxe7+ Qxe7 31. Qg2 Ne6 32. Bd5 Rf5 33. Qh3 Qxg5 34. Bxe6+ 1-0

[Event "Calgary int."]
[Site "Calgary CAN"]
[Date "2025.07.31"]
[Round "1.6"]
[White "Doknjas, Neil"]
[Black "Tran, Tri"]
[Result "1-0"]
[WhiteElo "2245"]
[BlackElo "1973"]
[WhiteFideId "-1"]
[WhiteFideId "-1"]
[PlyCount "71"]
[GameId "2219447865974332"]
[EventDate "2025.07.31"]
[EventType "swiss"]
[EventRounds "9"]
[EventCountry "CAN"]

1. c4 e6 2. Nc3 d5 3. d4 Nf6 4. cxd5 exd5 5. Bg5 Bb4 6. e3 h6 7. Bh4 g5 8. Bg3 Ne4 9. Rc1 h5 10. f3 Nxg3 11. hxg3 Qd6 12. Kf2 Bxc3 13. bxc3 Be6 14. Bd3 Nc6 15. f4 h4 16. gxh4 gxf4 17. e4 dxe4 18. Bxe4 f5 19. Bf3 O-O-O 20. Ne2 Bc4 21. Qd2 Bxe2 22. Qxe2 Rhe8 23. Qb5 a6 24. Qxf5+ Kb8 25. Rhe1 Re3 26. Qc5 Qxc5 27. dxc5 Rd2+ 28. Kf1 Ne5 29. Rxe3 fxe3 30. Be2 Ng6 31. g3 Rd5 32. h5 Nf8 33. Rd1 Rf5+ 34. Ke1 c6 35. Rd8+ Kc7 36. Rc8+ 1-0

[Event "Calgary int."]
[Site "Calgary CAN"]
[Date "2025.07.31"]
[Round "1.7"]
[White "Darvekar, Yash"]
[Black "Ng, Gary"]
[Result "0-1"]
[WhiteElo "1922"]
[BlackElo "2234"]
[WhiteFideId "-1"]
[WhiteFideId "-1"]
[PlyCount "52"]
[GameId "2219066567100572"]
[EventDate "2025.07.31"]
[EventType "swiss"]
[EventRounds "9"]
[EventCountry "CAN"]

1. e4 c5 2. Nf3 d6 3. d4 cxd4 4. Nxd4 Nf6 5. Nc3 a6 6. Be3 e5 7. Nb3 Be6 8. f3 h5 9. Qd2 Nbd7 10. O-O-O Rc8 11. Kb1 Be7 12. h3 b5 13. Bd3 h4 14. f4 Qc7 15. g4 hxg3 16. Rdg1 Nb6 17. f5 Nc4 18. Qe1 Bd7 19. Bg5 Bc6 20. Rxg3 Nh5 21. Rg4 Bxg5 22. Rxg5 f6 23. Rgg1 Nf4 24. Qg3 Kf8 25. Bxc4 bxc4 26. Na5 Nh5 0-1

[Event "Calgary int."]
[Site "Calgary CAN"]
[Date "2025.07.31"]
[Round "1.8"]
[White "Chandra, Anand Rishi"]
[Black "Iyer, Abhinav"]
[Result "1-0"]
[WhiteElo "2169"]
[BlackElo "1915"]
[WhiteFideId "-1"]
[WhiteFideId "-1"]
[PlyCount "87"]
[GameId "2219073161238816"]
[EventDate "2025.07.31"]
[EventType "swiss"]
[EventRounds "9"]
[EventCountry "CAN"]

1. e4 e5 2. Nf3 Nc6 3. Bc4 Nf6 4. d3 d6 5. c3 Be7 6. h3 h6 7. O-O O-O 8. Re1 a6 9. Bb3 Re8 10. d4 Bf8 11. Nbd2 Bd7 12. Bc2 Qc8 13. Nf1 g6 14. Ng3 Bg7 15. Be3 b5 16. Qd2 Kh7 17. Rad1 Qb7 18. Nh2 Rad8 19. f4 Ng8 20. Rf1 f6 21. h4 Na5 22. b3 c5 23. h5 g5 24. fxe5 fxe5 25. dxc5 dxc5 26. Rf7 Nf6 27. Bxg5 Be6 28. Rxb7 Rxd2 29. Rxg7+ Kxg7 30. Bxf6+ Kxf6 31. Rxd2 Rg8 32. Nf5 Bxf5 33. exf5 Nb7 34. Be4 Nd8 35. Rd6+ Ke7 36. Rxh6 Nf7 37. Rxa6 Rd8 38. Ra7+ Kf8 39. Ra8 Rxa8 40. Bxa8 Nd6 41. g4 c4 42. b4 Nc8 43. Bc6 Na7 44. Bb7 1-0

[Event "Calgary int."]
[Site "Calgary CAN"]
[Date "2025.07.31"]
[Round "1.9"]
[White "Prianichnikov, Michael"]
[Black "Srinivasan, Hemant"]
[Result "0-1"]
[WhiteElo "1888"]
[BlackElo "2097"]
[WhiteFideId "-1"]
[WhiteFideId "-1"]
[PlyCount "126"]
[GameId "2219431127387672"]
[EventDate "2025.07.31"]
[EventType "swiss"]
[EventRounds "9"]
[EventCountry "CAN"]

1. e4 c5 2. Nf3 Nc6 3. d4 cxd4 4. Nxd4 Nf6 5. Nc3 e5 6. Ndb5 d6 7. Bg5 a6 8. Na3 b5 9. Nd5 Be7 10. Bxf6 Bxf6 11. c3 O-O 12. Nc2 g6 13. g3 Bg7 14. Bg2 Be6 15. Nce3 f5 16. exf5 gxf5 17. f4 e4 18. O-O Ne7 19. Qd2 Rc8 20. Rad1 Nxd5 21. Nxd5 Rc5 22. Ne3 d5 23. Nc2 Rc4 24. Ne3 Rc7 25. Nc2 Qd6 26. Nd4 Bc8 27. a3 Qb6 28. Rfe1 a5 29. Qe3 Qc5 30. Nc2 Qd6 31. Nd4 Bd7 32. b4 Rfc8 33. Rc1 Qb6 34. Nxf5 Qxe3+ 35. Nxe3 Rxc3 36. Rxc3 Bxc3 37. Rd1 d4 38. Nd5 e3 39. Ne7+ Kg7 40. Nxc8 e2 41. Rb1 Bf5 42. Bf3 Bxb1 43. Bxe2 d3 44. Bf3 axb4 45. axb4 Bxb4 46. Kf1 Bc2 47. Na7 Ba4 48. Nc6 Bc5 49. Ke1 Be3 50. Bd1 Bg1 51. Nb4 Bxh2 52. Nxd3 Bxg3+ 53. Ke2 Kf6 54. Bxa4 bxa4 55. Kf3 a3 56. Nb4 Be1 57. Nc2 a2 58. Kg4 Bc3 59. f5 h5+ 60. Kf4 h4 61. Kg4 h3 62. Kxh3 Kxf5 63. Kg3 Ke4 0-1

[Event "Calgary int."]
[Site "Calgary CAN"]
[Date "2025.07.31"]
[Round "1.10"]
[White "Wu, Jonathan"]
[Black "Zheng, Yanchen"]
[Result "1-0"]
[WhiteElo "2091"]
[BlackElo "1877"]
[WhiteFideId "-1"]
[WhiteFideId "-1"]
[PlyCount "121"]
[GameId "2219451290906719"]
[EventDate "2025.07.31"]
[EventType "swiss"]
[EventRounds "9"]
[EventCountry "CAN"]

1. e4 c5 2. Nf3 e6 3. d4 cxd4 4. Nxd4 Nc6 5. Nc3 Qc7 6. Be2 a6 7. Nxc6 bxc6 8. Qd3 Nf6 9. Qg3 Qxg3 10. hxg3 Rb8 11. e5 Nd5 12. Ne4 Nb4 13. Kd1 c5 14. c3 Bb7 15. Rh4 Nd5 16. Bd3 Be7 17. Rh2 f6 18. exf6 gxf6 19. g4 Nb6 20. b3 d5 21. Ng3 Bd6 22. Ke2 Rg8 23. g5 fxg5 24. Rxh7 Nd7 25. Nh5 Be5 26. Bd2 Kd8 27. Rg1 Kc7 28. f4 gxf4 29. Nxf4 Kd6 30. g4 Rbe8 31. Nh5 Bc8 32. g5 Re7 33. Rh6 Bg7 34. Bf4+ Be5 35. Bxe5+ Nxe5 36. Nf6 Rf8 37. Bc2 Nf7 38. Rg6 Ne5 39. Rh6 Nf7 40. Nh7 Nxh6 41. Nxf8 Nf5 42. g6 Rg7 43. Bxf5 exf5 44. Kf3 Ke7 45. Nh7 Be6 46. Kf4 Bg8 47. Re1+ Kd6 48. Nf8 Re7 49. Rh1 Re8 50. Nh7 Re5 51. Nf6 d4 52. cxd4 cxd4 53. Nxg8 Ke6 54. Rd1 Re4+ 55. Kg5 f4 56. Rd3 Ke5 57. Ne7 Re3 58. Rxe3+ fxe3 59. g7 d3 60. g8=Q d2 61. Qd5# 1-0

[Event "Calgary int."]
[Site "Calgary CAN"]
[Date "2025.07.31"]
[Round "2.1"]
[White "Mikhalevski, Victor"]
[Black "Chandra, Anand Rishi"]
[Result "1-0"]
[WhiteElo "2492"]
[BlackElo "2169"]
[WhiteFideId "-1"]
[WhiteFideId "-1"]
[PlyCount "57"]
[GameId "2218738725582217"]
[EventDate "2025.07.31"]
[EventType "swiss"]
[EventRounds "9"]
[EventCountry "CAN"]

1. c4 e5 2. g3 Nf6 3. Bg2 d5 4. cxd5 Nxd5 5. Nf3 Nc6 6. O-O Be7 7. d4 exd4 8. Nxd4 O-O 9. Nxc6 bxc6 10. Qa4 Qe8 11. Rd1 Bf6 12. e4 Nb6 13. Qc2 Bg4 14. Re1 Be5 15. Be3 Rd8 16. Nd2 Bd4 17. Nb3 Bxe3 18. Rxe3 Rd6 19. e5 Rh6 20. Nd4 Nd5 21. Re4 Qd7 22. Rae1 Nb4 23. Qc4 c5 24. Nb3 Nd3 25. Nxc5 Nxc5 26. Qxc5 Bh3 27. Rd4 Qf5 28. Red1 Bxg2 29. Rd8 1-0

[Event "Calgary int."]
[Site "Calgary CAN"]
[Date "2025.07.31"]
[Round "2.2"]
[White "Ng, Gary"]
[Black "Komarov, Dimitri"]
[Result "0-1"]
[WhiteElo "2234"]
[BlackElo "2407"]
[WhiteFideId "-1"]
[WhiteFideId "-1"]
[PlyCount "142"]
[GameId "2218756924120400"]
[EventDate "2025.07.31"]
[EventType "swiss"]
[EventRounds "9"]
[EventCountry "CAN"]

1. d4 Nf6 2. Bf4 e6 3. e3 b6 4. Qf3 Nc6 5. Nc3 Bb4 6. Bd3 Nd5 7. Nge2 Nxf4 8. exf4 d5 9. O-O O-O 10. Nd1 Bd6 11. c3 Ne7 12. Ne3 c6 13. Ng4 Qc7 14. Qh3 h6 15. g3 f6 16. Qh5 Qd7 17. Rae1 Qe8 18. Qh4 Nf5 19. Qh3 Qf7 20. Kg2 Ne7 21. Ng1 h5 22. Qh4 Ng6 23. Bxg6 Qxg6 24. Ne3 Ba6 25. Ne2 Qe4+ 26. Kg1 Qf5 27. c4 Bb4 28. Nc3 c5 29. Nc2 Bxc4 30. Re3 Qg4 31. Qxg4 hxg4 32. Rfe1 cxd4 33. Nxd4 Bc5 34. Rd1 Kf7 35. b3 Ba6 36. Ree1 Bb4 37. Re3 Rfc8 38. Ncb5 Bxb5 39. Nxb5 Bc5 40. Re2 g6 41. Kg2 a6 42. Nd4 Bxd4 43. Rxd4 Rc3 44. h3 gxh3+ 45. Kxh3 Rac8 46. Rdd2 a5 47. Kg2 R8c5 48. Kh2 Ke7 49. Kg2 Kd6 50. Kh2 Rc1 51. Kh3 R5c3 52. Kh2 Ra1 53. Kg2 Rcc1 54. Kh2 Re1 55. Rxe1 Rxe1 56. Kg2 Rc1 57. Kf3 Rc3+ 58. Kg4 b5 59. Kh4 e5 60. fxe5+ fxe5 61. Kg4 e4 62. Kg5 Ke5 63. Kxg6 d4 64. Kg5 d3 65. Rd1 Rc2 66. f3 exf3 67. Rxd3 Ke4 68. Rd8 Ke3 69. g4 Rc1 70. Re8+ Kd3 71. Rd8+ Kc2 0-1

[Event "Calgary int."]
[Site "Calgary CAN"]
[Date "2025.07.31"]
[Round "2.3"]
[White "Thavandiran, Shiyam"]
[Black "Wu, Jonathan"]
[Result "1-0"]
[WhiteElo "2398"]
[BlackElo "2091"]
[WhiteFideId "-1"]
[WhiteFideId "-1"]
[PlyCount "93"]
[GameId "2218750097095919"]
[EventDate "2025.07.31"]
[EventType "swiss"]
[EventRounds "9"]
[EventCountry "CAN"]

1. e4 c5 2. Nf3 d6 3. d4 cxd4 4. Nxd4 Nf6 5. Nc3 a6 6. a4 e5 7. Nf3 Be7 8. Bg5 Be6 9. Bxf6 Bxf6 10. Nd5 Nd7 11. Bc4 Rc8 12. Qe2 Nb6 13. Nxb6 Qxb6 14. Bxe6 fxe6 15. c3 O-O 16. O-O Qc6 17. Rfd1 Rfe8 18. h4 d5 19. h5 Rcd8 20. Nh2 Bg5 21. Ng4 Qc7 22. a5 Rd7 23. Ra4 Rdd8 24. Qc2 Kh8 25. Qb3 Qf7 26. Nxe5 Qxh5 27. exd5 Rf8 28. Nf3 exd5 29. Rad4 Bf4 30. Qxb7 Qg6 31. Rxd5 Rb8 32. Qe7 Rfe8 33. Qh4 Bc7 34. Qc4 Bd8 35. Ne5 Qe6 36. Qc6 Bf6 37. Qxe6 Rxe6 38. f4 h6 39. b4 Rc8 40. R1d3 Kh7 41. Kf2 Rf8 42. Nd7 Rf7 43. Nxf6+ Rexf6 44. g3 g5 45. f5 Rxf5+ 46. Rxf5 Rxf5+ 47. Rf3 1-0

[Event "Calgary int."]
[Site "Calgary CAN"]
[Date "2025.07.31"]
[Round "2.4"]
[White "Srinivasan, Hemant"]
[Black "Ivanov, Mike"]
[Result "1/2-1/2"]
[WhiteElo "2097"]
[BlackElo "2383"]
[WhiteFideId "-1"]
[WhiteFideId "-1"]
[PlyCount "156"]
[GameId "2218760527773115"]
[EventDate "2025.07.31"]
[EventType "swiss"]
[EventRounds "9"]
[EventCountry "CAN"]

1. d4 Nf6 2. c4 d6 3. Nf3 Bg4 4. Nbd2 g6 5. e4 Bxf3 6. Qxf3 Nc6 7. d5 Nd4 8. Qd3 e5 9. g3 Bg7 10. Bg2 a5 11. Nb3 c5 12. dxc6 Nxc6 13. a4 Nb4 14. Qe2 Qc7 15. Be3 Nd7 16. O-O Nc5 17. Nxc5 dxc5 18. f4 b6 19. f5 O-O-O 20. Rf2 Kb8 21. Raf1 f6 22. fxg6 hxg6 23. Qg4 Qf7 24. b3 Rd6 25. Qe2 Bh6 26. Bxh6 Rxh6 27. Qe3 Rh8 28. Qg5 Qh7 29. Rxf6 Qxh2+ 30. Kf2 Nd3+ 31. Kf3 Qh5+ 32. Qxh5 Rxf6+ 33. Ke3 gxh5 34. Rxf6 Nc1 35. Rxb6+ Kc7 36. Rb5 Kc6 37. Rxa5 Rg8 38. Bf3 Nxb3 39. Ra6+ Kb7 40. Rh6 Nd4 41. Bxh5 Rxg3+ 42. Kf2 Rc3 43. Rh7+ Kb6 44. Bf7 Ka5 45. Bd5 Kxa4 46. Rh5 Nc2 47. Rxe5 Ne3 48. Ke2 Kb4 49. Re8 Nxc4 50. Rb8+ Ka5 51. Ra8+ Kb6 52. Bxc4 Rxc4 53. Kd3 Rc1 54. Ra2 Re1 55. Rb2+ Kc6 56. Rc2 Kd6 57. Rh2 Kc6 58. Rc2 Rh1 59. Re2 Rd1+ 60. Rd2 Ra1 61. Rc2 Ra3+ 62. Rc3 Ra4 63. Rc4 Ra8 64. Rc2 Rd8+ 65. Kc3 Rd4 66. Re2 Kd6 67. Re3 Ke5 68. Re1 Rb4 69. Re2 Rb1 70. Rc2 Rb4 71. Re2 Ra4 72. Re1 Ra2 73. Kc4 Ra5 74. Kd3 Ra2 75. Kc4 Ra5 76. Re2 Ra4+ 77. Kxc5 Rxe4 78. Rxe4+ Kxe4 1/2-1/2

[Event "Calgary int."]
[Site "Calgary CAN"]
[Date "2025.07.31"]
[Round "2.5"]
[White "Malek, Omid"]
[Black "Doknjas, Neil"]
[Result "0-1"]
[WhiteElo "2002"]
[BlackElo "2245"]
[WhiteFideId "-1"]
[WhiteFideId "-1"]
[PlyCount "78"]
[GameId "2218744282498807"]
[EventDate "2025.07.31"]
[EventType "swiss"]
[EventRounds "9"]
[EventCountry "CAN"]

1. d4 d6 2. e4 Nf6 3. Nc3 e5 4. Nf3 Nbd7 5. Bc4 Be7 6. O-O O-O 7. Re1 c6 8. Bb3 h6 9. a3 Re8 10. h3 Bf8 11. Be3 Qc7 12. Nh4 exd4 13. Bxd4 c5 14. Bxf6 Nxf6 15. Nd5 Nxd5 16. Bxd5 Be6 17. Nf3 g6 18. c3 Rab8 19. Rc1 b5 20. Qd2 a5 21. Nh2 Bg7 22. Nf1 Bxd5 23. Qxd5 Re5 24. Qd3 Qc6 25. Rcd1 Re6 26. Re2 b4 27. Nd2 bxc3 28. bxc3 Qa4 29. Ra1 Rb2 30. Rae1 Qc2 31. Qxc2 Rxc2 32. Nb1 Rxe2 33. Rxe2 d5 34. Kf1 dxe4 35. Ke1 Rb6 36. Nd2 Bxc3 37. Rxe4 Rb2 38. Re8+ Kg7 39. Kd1 Rxd2+ 0-1